000 00264nam a22001217a 4500
040 _cSK
082 _a591
100 _aគី វណ្ណារិទ្ធ
245 _aSystematic aquatic zoology
260 _aRUA
_bគី
_c2000
300 _a65p.
942 _cKB
999 _c9037
_d9037